Military service credit under the Civil Service Retirement System.

Bibliographic Details
Corporate Author: United States. Office of Personnel Management
Format: Government Document Book
Language:English
Published: [Washington, D.C.?] : [Personnel Management Office], [1989]
Series:Retirement facts ; 2.
Subjects:

MARC

Tag First Indicator Second Indicator Subfields
LEADER 00000cam a2200000 a 4500
001 in00000902221
005 20150924090952.0
008 891020s1989 dcu f00000 eng d
010 |a gp 90002967  
035 |a (OCoLC)20515749 
035 |9 AEN4415AM 
040 |a GPO  |c GPO  |d UtOrBLW 
043 |a n-us--- 
074 |a 299 
086 0 |a PM 1.10:RI 83-2 
088 |a RI 83-2 
245 0 0 |a Military service credit under the Civil Service Retirement System. 
264 1 |a [Washington, D.C.?] :  |b [Personnel Management Office],  |c [1989] 
300 |a 1 folded sheet (5 pages) ;  |c 22 x 10 cm. 
336 |a text  |b txt  |2 rdacontent 
337 |a unmediated  |b n  |2 rdamedia 
338 |a sheet  |b nb  |2 rdacarrier 
490 1 |a Retirement facts ;  |v 2 
500 |a "Civil Service Retirement System." 
500 |a Shipping list number: 89-570-P. 
500 |a "June 1989." 
500 |a "RI 83-2." 
650 0 |a Military pensions  |z United States. 
650 0 |a Soldiers  |z United States  |x Retirement. 
651 0 |a United States  |x Officials and employees  |x Retirement. 
710 1 |a United States.  |b Office of Personnel Management. 
830 0 |a Retirement facts ;  |v 2. 
999 |a MARS 
999 f f |s a58fd89f-ea67-3cab-9fa8-0654a34b0194  |i b757924b-a181-3299-beb4-fb2586f35ec8  |t 0 
952 f f |p normal  |a Texas A&M University  |b College Station  |c Sterling C. Evans Library  |d Evans: US Documents (Annex 5th floor)  |t 0  |e PM 1.10:RI 83-2  |h Superintendent of Documents classification  |i unmediated -- sheet  |m A14814946045 
998 f f |a PM 1.10:RI 83-2  |t 0  |l Evans: US Documents (Annex 5th floor)